| 000 | 00625nam a2200145Ia 4500 | ||
|---|---|---|---|
| 008 | 250506s9999 xx 000 0 und d | ||
| 024 | _a10B-001-CE, 10B-005-CE, 10B-007-CE & 10B-019-CE | ||
| 082 | _a005.1072 BHU | ||
| 100 | _aJawad ahmed Bhutta, Fahad Shakeel, Abdus Samad & Ehtasham Khan afridi | ||
| 245 | 0 | _aAndroid Based Hospital Navigation on the Basic of Medical Specialization | |
| 260 |
_aKarachi: _bUIT, _c2010 |
||
| 600 | _aComputer System Engineering | ||
| 650 | _aBachelor of Engineering (BE) | ||
| 856 |
_uhttps://drive.google.com/file/d/1DgMpo4nRjLsUY20fwvYtR3v385kmvWtX/view?usp=sharing _yClick here for PDF |
||
| 999 |
_c27784 _d27784 |
||